[Event "Continental Femenino"]
[Site "?"]
[Date "2007.??.??"]
[Round "3"]
[White "Palao, Maricela"]
[Black "Carraro, Denise"]
[Result "1-0"]
[WhiteElo "2139"]
[BlackElo "2048"]
[PlyCount "75"]

1. d4 e6 2. c4 Nf6 3. Nc3 Bb4 4. e3 c5 5. Bd3 Nc6 6. Nge2 O-O 7. O-O cxd4 8.
exd4 d5 9. a3 dxc4 10. Bxc4 Ba5 11. Bg5 h6 12. Bh4 Bb6 13. d5 Ne5 14. Ba2 Ng6
15. Bg3 exd5 16. Nxd5 Nxd5 17. Bxd5 Ne7 18. Bf3 Nc6 19. Qc2 Qf6 20. Rad1 Bf5
21. Qc3 Qxc3 22. Nxc3 Rfd8 23. Nd5 Bd4 24. b4 Rac8 25. b5 Bc5 26. bxc6 bxc6 27.
Nb4 Bd7 28. Rc1 Bf8 29. Rfd1 c5 30. Na6 Ba4 31. Rxd8 Rxd8 32. h3 c4 33. Nb4 Rc8
34. Rc3 Bc5 35. Bd5 Bb3 36. Rf3 Bd4 37. Nc6 Bf6 38. Rxf6 1-0

6 1-0

[Event "Continental Femenino"]
[Site "?"]
[Date "2007.??.??"]
[Round "3"]
[White "Ubaldo Suarez, Maria Gisel"]
[Black "Justo, Virginia"]
[Result "1-0"]
[WhiteElo "2077"]
[BlackElo "2148"]
[PlyCount "95"]

1. d4 Nf6 2. c4 g6 3. Nc3 d5 4. cxd5 Nxd5 5. e4 Nxc3 6. bxc3 Bg7 7. Bc4 c5 8.
Ne2 O-O 9. O-O Nc6 10. Be3 Qc7 11. Rc1 Rd8 12. Qd2 Na5 13. Bd3 e6 14. Rfd1 b6
15. f3 Bb7 16. Qe1 Qe7 17. Qg3 cxd4 18. cxd4 Rac8 19. Bg5 f6 20. Bf4 Rxc1 21.
Rxc1 Rc8 22. Rxc8+ Bxc8 23. Bd6 Qd8 24. Ba3 Nc6 25. Qd6 Qxd6 26. Bxd6 f5 27. e5
Bf8 28. Bxf8 Kxf8 29. Bb5 Nb4 30. Bc4 Ke7 31. Kf2 Bd7 32. Ke3 a5 33. Kd2 g5 34.
Nc3 Nc6 35. Nb5 Be8 36. Kc3 f4 37. Nd6 Bd7 38. Ne4 h6 39. Nf6 Na7 40. Ng8+ Kf8
41. Nxh6 b5 42. Bb3 Nc6 43. Ng4 Ke7 44. Nf6 Bc8 45. Ne4 Ba6 46. Nc5 b4+ 47. Kd2
Nxd4 48. Nxa6 1-0

6 1-0

[Event "Continental Femenino"]
[Site "?"]
[Date "2007.??.??"]
[Round "3"]
[White "Plazaola, Maria de los Ang"]
[Black "Cori Tello, Daisy"]
[Result "0-1"]
[WhiteElo "2061"]
[BlackElo "2144"]
[PlyCount "79"]

1. e4 e6 2. d4 d5 3. Nc3 Bb4 4. a3 Bxc3+ 5. bxc3 Ne7 6. Qg4 O-O 7. e5 c5 8. Nf3
Nbc6 9. Bd3 Nf5 10. O-O f6 11. Re1 cxd4 12. cxd4 fxe5 13. dxe5 Bd7 14. Bg5 Qe8
15. Rad1 Rc8 16. c4 Qf7 17. Bc1 h6 18. Bb2 Nce7 19. Nd2 Bc6 20. cxd5 Bxd5 21.
Ne4 Kh8 22. Qh3 Ng6 23. Qh5 Nxe5 24. Qxf7 Nxf7 25. Rd2 Rfd8 26. Bb1 N7d6 27.
Nxd6 Nxd6 28. Bd3 Bb3 29. Be2 Bd5 30. Bd3 Kg8 31. f3 Kf7 32. f4 Bb3 33. Rf2 Rc5
34. Be5 Nf5 35. Be4 b5 36. Rb1 Bc4 37. Re1 a5 38. Bb1 Bd3 39. Rd2 Rcd5 40. Rb2
0-1


0-1

[Event "Continental Femenino"]
[Site "?"]
[Date "2007.??.??"]
[Round "3"]
[White "Maggiolo, Elisa"]
[Black "Buttner, Natalia"]
[Result "1/2-1/2"]
[WhiteElo "2119"]
[BlackElo "2064"]
[PlyCount "32"]

1. e4 e6 2. d3 d5 3. Nd2 c5 4. g3 Nc6 5. Bg2 g6 6. Ngf3 Bg7 7. O-O Nge7 8. Qe2
h6 9. h4 b6 10. a3 a5 11. e5 g5 12. hxg5 hxg5 13. Nxg5 Nxe5 14. f4 N5g6 15. c3
Nf5 16. Qe1 Ra7 1/2-1/2

2-1/2

[Event "Continental Femenino"]
[Site "?"]
[Date "2007.??.??"]
[Round "3"]
[White "Colautti, Marcela"]
[Black "Ramon Pita, Vivian"]
[Result "0-1"]
[WhiteElo "1929"]
[BlackElo "2279"]
[PlyCount "93"]

1. d4 g6 2. c4 c5 3. f3 Bg7 4. d5 b5 5. cxb5 a6 6. b6 Qxb6 7. Qc2 d6 8. Na3
Qb4+ 9. Qd2 Qxd2+ 10. Kxd2 Nd7 11. e4 Rb8 12. Rb1 Nb6 13. Bd3 e6 14. dxe6 fxe6
15. Ne2 Ne7 16. b3 d5 17. Bb2 Bh6+ 18. Kd1 O-O 19. Be5 Rb7 20. Bxa6 Ra7 21.
Bxc8 Nbxc8 22. Nb5 Rxa2 23. Ra1 Rd2+ 24. Ke1 Rd3 25. Nec3 Nc6 26. Bc7 d4 27.
Na4 Rxb3 28. Nd6 Nxd6 29. Bxd6 Ra8 30. Bxc5 Rb5 31. Ke2 Rba5 32. Rhb1 Rxa4 33.
Rxa4 Rxa4 34. Rb6 Ra2+ 35. Ke1 Rc2 36. Bd6 d3 37. f4 e5 38. g3 Bf8 39. Bxf8
Kxf8 40. Kd1 Nd4 41. Rd6 Rxh2 42. fxe5 Nb3 43. Rxd3 Nc5 44. Rd4 Ke7 45. Rc4 Nd7
46. Rc7 Ke6 47. Ra7 0-1

7 0-1

[Event "Continental Femenino"]
[Site "?"]
[Date "2007.??.??"]
[Round "3"]
[White "Zepeda, Sonia"]
[Black "Mateus, Martha"]
[Result "1-0"]
[WhiteElo "2045"]
[BlackElo "2127"]
[PlyCount "71"]

1. e4 c5 2. Nf3 d6 3. d4 Nf6 4. Nc3 cxd4 5. Nxd4 a6 6. Be3 e5 7. Nb3 Be6 8. Qd2
Nbd7 9. f4 Qc7 10. O-O-O Rc8 11. Kb1 Be7 12. h3 b5 13. f5 Bc4 14. Bd3 b4 15.
Nd5 Bxd5 16. exd5 a5 17. Bb5 O-O 18. g4 Nb6 19. g5 Nfxd5 20. Bxb6 Nxb6 21. f6
Bd8 22. fxg7 Kxg7 23. Nxa5 Qc5 24. Qe2 Be7 25. Nb3 Qc7 26. Bd3 d5 27. Bf5 Ra8
28. Qh5 Rh8 29. Rhf1 Bf8 30. h4 Qa7 31. Be6 fxe6 32. Qh6+ Kg8 33. Qxe6+ Kg7 34.
Qxe5+ Kg8 35. Qe6+ Kg7 36. h5 1-0

5 1-0

[Event "Continental Femenino"]
[Site "?"]
[Date "2007.??.??"]
[Round "3"]
[White "Vargas, Gabriela"]
[Black "Chang, Suzana"]
[Result "1/2-1/2"]
[WhiteElo "2118"]
[BlackElo "2091"]
[PlyCount "139"]

1. d4 Nf6 2. Bg5 e6 3. Nf3 c5 4. c3 Qb6 5. Qb3 Nc6 6. e3 Be7 7. Nbd2 d5 8. Qxb6
axb6 9. Bb5 h6 10. Bh4 Nd7 11. Bxe7 Nxe7 12. O-O O-O 13. Rfe1 Nf5 14. Bxd7 Bxd7
15. Ne5 Bc6 16. dxc5 bxc5 17. Nb3 c4 18. Nd4 Nxd4 19. exd4 Ba4 20. Re2 Bb3 21.
a3 Rfd8 22. Rae1 h5 23. f4 g6 24. h3 Kg7 25. g3 Ba4 26. Kf2 Rd6 27. g4 hxg4 28.
hxg4 Rh8 29. Kg3 Rdd8 30. g5 Rd6 31. Ng4 Kf8 32. Nh6 Rb6 33. Rd2 Ke7 34. Ree2
Bb3 35. f5 gxf5 36. Nxf5+ Kf8 37. Nh4 Rg8 38. Kf4 Ba2 39. Re1 Rh8 40. Rh2 Rg8
41. Nf3 Bb3 42. Ne5 Ba4 43. Ree2 Rd6 44. Ref2 Rg7 45. Rh6 Ke7 46. Rfh2 Rd8 47.
Rh8 Be8 48. R2h7 Rxh7 49. Rxh7 Kf8 50. g6 f6 51. Nf7 Rd7 52. Nh6 Rg7 53. Rh8+
Ke7 54. Ng8+ Kd6 55. Nxf6 Bxg6 56. Rg8 Rxg8 57. Nxg8 Be4 58. Nf6 Bg6 59. Ng4
Bf5 60. Ne5 Kc7 61. Nf7 Bg6 62. Ng5 Kd6 63. Nf3 Be4 64. Nd2 Bd3 65. b3 cxb3 66.
Nxb3 b6 67. Nd2 Bf5 68. Nf3 Be4 69. Nd2 Bd3 70. Nf3 1/2-1/2

2-1/2

[Event "Continental Femenino"]
[Site "?"]
[Date "2007.??.??"]
[Round "3"]
[White "Malajovich, Sandra"]
[Black "Lovece, Ruth"]
[Result "0-1"]
[WhiteElo "2095"]
[BlackElo "2005"]
[PlyCount "74"]

1. Nf3 d5 2. g3 c6 3. Bg2 Nf6 4. O-O Bf5 5. d3 h6 6. Nbd2 e6 7. Re1 Be7 8. Ne5
O-O 9. e4 Bh7 10. f4 Nbd7 11. Nxd7 Nxd7 12. Nf3 a5 13. e5 a4 14. h3 b5 15. Kh2
Qc7 16. Be3 Rab8 17. c3 c5 18. d4 Nb6 19. b3 b4 20. dxc5 Bxc5 21. Bxc5 Qxc5 22.
cxb4 Qxb4 23. Nd4 axb3 24. axb3 Rfc8 25. Re2 Rc3 26. Rd2 Rbc8 27. Ra7 Qc5 28.
Rb7 Be4 29. Nxe6 fxe6 30. Qg4 Rc7 31. Qxe6+ Kh7 32. Bxe4+ dxe4 33. Qxb6 Qxb6
34. Rxb6 e3 35. Re2 Rc2 36. Rxc2 Rxc2+ 37. Kg1 Rc1+ 0-1

+ 0-1

[Event "Continental Femenino"]
[Site "?"]
[Date "2007.??.??"]
[Round "4"]
[White "Amura, Claudia"]
[Black "Nejanky, Maisa"]
[Result "1/2-1/2"]
[WhiteElo "2344"]
[BlackElo "2068"]
[PlyCount "27"]

1. d4 Nf6 2. c4 c5 3. d5 b5 4. cxb5 a6 5. bxa6 g6 6. Nc3 Bxa6 7. g3 d6 8. Bg2
Bg7 9. Nf3 Nbd7 10. O-O Nb6 11. Rb1 Bc4 12. Nd2 Bxa2 13. Nxa2 Rxa2 14. Qb3
1/2-1/2

2-1/2

[Event "Continental Femenino"]
[Site "?"]
[Date "2007.??.??"]
[Round "4"]
[White "Pina Vega, Sulennis"]
[Black "Sanchez Castillo, Sarai"]
[Result "0-1"]
[WhiteElo "2294"]
[BlackElo "2340"]
[PlyCount "102"]

1. Nf3 d5 2. g3 Nf6 3. Bg2 Bg4 4. h3 Bh5 5. O-O e6 6. d3 Bd6 7. Nbd2 Nbd7 8. c3
O-O 9. Qc2 c5 10. e4 Rc8 11. Re1 Qc7 12. Nh4 g5 13. Nhf3 g4 14. hxg4 Nxg4 15.
Nf1 f5 16. exd5 exd5 17. Ng5 Rfe8 18. Bxd5+ Kh8 19. Rxe8+ Rxe8 20. Ne6 Qb8 21.
Nf4 Ndf6 22. Bg2 Re1 23. Rb1 Qe8 24. Be3 Nxe3 25. fxe3 Qxe3+ 26. Kh2 Ng4+ 27.
Kh3 Qf2 28. Rxe1 Qxc2 29. Nxh5 Kg8 30. Re8+ Kf7 31. Rd8 Ke7 32. Rh8 Qxb2 33.
Rxh7+ Kd8 34. Ng7 Nf2+ 35. Kh2 f4 36. Ne6+ Kc8 37. gxf4 Nxd3 38. Rxb7 Qxa2 39.
Kg3 Bxf4+ 40. Nxf4 Qf2+ 41. Kg4 Qxf4+ 42. Kh5 Qe5+ 43. Kh6 Qf6+ 44. Kh7 Qh4+
45. Kg8 Qg5+ 46. Rg7 Qd8+ 47. Kh7 Qh4+ 48. Kg8 Nf4 49. Bb7+ Kb8 50. Bc6 Qd8+
51. Kh7 Qd3+ 0-1

+ 0-1

[Event "Continental Femenino"]
[Site "?"]
[Date "2007.??.??"]
[Round "4"]
[White "Cori Tello, Daisy"]
[Black "Ubaldo Suarez, Maria Gisela"]
[Result "1-0"]
[WhiteElo "2144"]
[BlackElo "2077"]
[PlyCount "51"]

1. d4 d5 2. c4 c6 3. Nf3 Nf6 4. Nc3 e6 5. Bg5 Be7 6. e3 Nbd7 7. Qc2 h6 8. Bh4
O-O 9. Rd1 dxc4 10. Bxc4 Nd5 11. Bg3 Qa5 12. O-O b5 13. Bb3 Bb7 14. Nxd5 cxd5
15. Qd3 Ba6 16. Rfe1 b4 17. Qb1 Rac8 18. e4 dxe4 19. Qxe4 Nf6 20. Qb1 Rfd8 21.
Rxe6 Bf8 22. Ne5 Nd5 23. Nxf7 Rd7 24. Nxh6+ gxh6 25. Qg6+ Rg7 26. Rxa6 1-0

6 1-0

[Event "Continental Femenino"]
[Site "?"]
[Date "2007.??.??"]
[Round "4"]
[White "Amed, Stephanie"]
[Black "Palao, Maricela"]
[Result "1/2-1/2"]
[WhiteElo "2082"]
[BlackElo "2139"]
[PlyCount "76"]

1. e4 c5 2. Nf3 Nc6 3. d4 cxd4 4. Nxd4 Qb6 5. Nb3 Nf6 6. Nc3 e6 7. Qe2 Bb4 8.
Bd2 O-O 9. a3 Be7 10. e5 Nd5 11. O-O-O d6 12. f4 dxe5 13. fxe5 Qc7 14. Re1 a6
15. Qe4 b5 16. Bd3 g6 17. Nxd5 exd5 18. Qf4 Be6 19. Kb1 a5 20. h4 a4 21. Nc1
Rab8 22. Na2 Rfe8 23. h5 Bf8 24. hxg6 fxg6 25. Rh4 Bg7 26. Reh1 Qxe5 27. Qxe5
Nxe5 28. Rxh7 Nxd3 29. cxd3 Bf5 30. Nc1 Rb7 31. Bc3 Rbe7 32. Bxg7 Rxg7 33. Rh8+
Kf7 34. Rxe8 Kxe8 35. Re1+ Kd7 36. Kc2 Rh7 37. Re2 Kd6 38. Kc3 Rc7+ 1/2-1/2

2-1/2

[Event "Continental Femenino"]
[Site "?"]
[Date "2007.??.??"]
[Round "4"]
[White "Ramon Pita, Vivian"]
[Black "Maggiolo, Elisa"]
[Result "1-0"]
[WhiteElo "2279"]
[BlackElo "2119"]
[PlyCount "111"]

1. d4 f5 2. c4 Nf6 3. g3 g6 4. Bg2 Bg7 5. b4 O-O 6. Bb2 d6 7. Nd2 Nbd7 8. d5
Ne5 9. Qb3 Rb8 10. Ngf3 Nf7 11. Nd4 Bd7 12. O-O Qe8 13. c5 Nd8 14. c6 Bc8 15.
Rac1 bxc6 16. Nxc6 Nxc6 17. Rxc6 a5 18. a3 axb4 19. axb4 Qd7 20. Rfc1 Ne8 21.
Bxg7 Kxg7 22. Nf3 e5 23. dxe6 Qxe6 24. Qc3+ Qf6 25. Rxc7+ Nxc7 26. Qxc7+ Bd7
27. Qxd7+ Rf7 28. Qc6 Rxb4 29. e3 Rfb7 30. Nd4 Ra7 31. Qc8 Rb2 32. Rc7+ Rxc7
33. Qxc7+ Kh6 34. Qc1 Ra2 35. Bd5 Ra5 36. Bf3 g5 37. Qc8 Rc5 38. Qe6 Qxe6 39.
Nxe6 Rc1+ 40. Kg2 Kg6 41. Nd4 Kf6 42. Be2 h6 43. Bd3 Rc5 44. Kf3 f4 45. gxf4
gxf4 46. Kxf4 Rh5 47. Nf3 Rd5 48. Be4 Ra5 49. h4 Ra2 50. Kg3 Ra4 51. Bc2 Ra1
52. h5 Rh1 53. Bg6 Rf1 54. Kg2 Ra1 55. Nd4 Ra2 56. Nf5 1-0

5 1-0

[Event "Continental Femenino"]
[Site "?"]
[Date "2007.??.??"]
[Round "4"]
[White "Carraro, Denise"]
[Black "Burijovich, Liliana"]
[Result "1-0"]
[WhiteElo "2048"]
[BlackElo "2227"]
[PlyCount "139"]

1. e4 c5 2. Nf3 e6 3. d4 cxd4 4. Nxd4 Qb6 5. Nb3 Qc7 6. Bd3 Nf6 7. Nc3 a6 8. a4
b6 9. O-O Bb7 10. Qe2 d6 11. f4 Nbd7 12. Kh1 Be7 13. Be3 O-O 14. Rf3 Rfe8 15.
Nd2 Bf8 16. Rh3 g6 17. Rf1 Bg7 18. Bf2 e5 19. fxe5 Nxe5 20. Bd4 d5 21. Qf2 Neg4
22. Qh4 Qe7 23. e5 Nxe5 24. Re1 Nh5 25. Qxe7 Rxe7 26. Rhe3 Nxd3 27. Rxe7 Nxe1
28. Bxg7 Kxg7 29. Rxb7 d4 30. Nce4 Nxc2 31. Nd6 b5 32. g4 Rd8 33. Nxf7 Rd5 34.
gxh5 Rxh5 35. axb5 axb5 36. Nd6+ Kf6 37. Rxb5 Rxb5 38. Nxb5 Ke5 39. Kg2 Kd5 40.
Kf3 Ne1+ 41. Ke2 Ng2 42. Kf3 Ne1+ 43. Ke2 Ng2 44. Kf2 Ne3 45. Nf3 Nd1+ 46. Ke2
Nxb2 47. Nbxd4 Nc4 48. Nc2 Nd6 49. Ne3+ Kc6 50. Kd3 Nf7 51. Ke4 Kd6 52. Nc4+
Ke6 53. Nce5 Nd6+ 54. Kf4 Kf6 55. Ng4+ Kg7 56. Nd4 Kf7 57. Kg5 Kg8 58. Nf6+ Kh8
59. h4 Nf7+ 60. Kf4 h6 61. Ke4 Kg7 62. Nd7 Nd6+ 63. Kd5 Ne8 64. Ke6 Nc7+ 65.
Kd6 Na6 66. Ke7 Nb4 67. Ne6+ Kh8 68. Kf7 g5 69. Nef8 gxh4 70. Ng6+ 1-0

+ 1-0

[Event "Continental Femenino"]
[Site "?"]
[Date "2007.??.??"]
[Round "4"]
[White "Zuriel, Marisa"]
[Black "Zepeda, Sonia"]
[Result "1-0"]
[WhiteElo "2184"]
[BlackElo "2045"]
[PlyCount "73"]

1. e4 c5 2. Nf3 Nc6 3. d4 cxd4 4. Nxd4 Nf6 5. Nc3 d6 6. Bc4 Qb6 7. Nb3 e6 8.
O-O Be7 9. Be3 Qc7 10. f4 a6 11. Bd3 b5 12. Qf3 Bb7 13. Qh3 Nb4 14. Nd4 d5 15.
e5 Ne4 16. f5 Qxe5 17. fxe6 f6 18. Nf5 g6 19. Bd4 Bc5 20. Bxc5 Nxc5 21. Rae1
Qc7 22. Nh6 Nbxd3 23. cxd3 b4 24. Ne2 Qg7 25. a3 a5 26. Nf4 f5 27. Qe3 Rc8 28.
Nf7 Ke7 29. Nxh8 Qxh8 30. axb4 axb4 31. Rf2 Qf6 32. Rc2 d4 33. Qd2 b3 34. Rxc5
Rxc5 35. Qb4 Kd6 36. Qxb7 Rc7 37. Qxc7+ 1-0

+ 1-0

[Event "Continental Femenino"]
[Site "?"]
[Date "2007.??.??"]
[Round "4"]
[White "Justo, Virginia"]
[Black "Buttner, Natalia"]
[Result "1/2-1/2"]
[WhiteElo "2148"]
[BlackElo "2064"]
[PlyCount "54"]

1. e4 e6 2. d4 d5 3. Nc3 Bb4 4. Nge2 dxe4 5. a3 Be7 6. Nxe4 Nf6 7. N2g3 O-O 8.
Be2 Nbd7 9. O-O b6 10. Nxf6+ Nxf6 11. Bf3 Rb8 12. Re1 Bb7 13. Bxb7 Rxb7 14. Qf3
Rb8 15. c3 Re8 16. Bg5 Qd5 17. Qxd5 Nxd5 18. Bxe7 Nxe7 19. Ne4 Rbd8 20. Rad1
Rd7 21. Rd2 Red8 22. Rde2 Rd5 23. f4 Ng6 24. g3 Kf8 25. Ng5 h6 26. Nf3 c6 27.
Kf2 h5 1/2-1/2

2-1/2

[Event "Continental Femenino"]
[Site "?"]
[Date "2007.??.??"]
[Round "4"]
[White "Lovece, Ruth"]
[Black "Plazaola, Maria de los Ang"]
[Result "0-1"]
[WhiteElo "2005"]
[BlackElo "2061"]
[PlyCount "66"]

1. e4 c5 2. Nf3 a6 3. d4 cxd4 4. Nxd4 Nf6 5. Nc3 e5 6. Nb3 Bb4 7. Bd3 d5 8.
exd5 Nxd5 9. Bd2 Nxc3 10. bxc3 Bd6 11. O-O Nd7 12. a4 O-O 13. a5 Re8 14. Qe2 e4
15. Bc4 Ne5 16. Qxe4 Ng4 17. Qf3 Qc7 18. Qxf7+ Qxf7 19. Bxf7+ Kxf7 20. h3 Nf6
21. Be3 Bf5 22. Nd4 Be4 23. f3 Bd5 24. Bf2 Rac8 25. Nf5 Bf4 26. Bd4 g6 27. Bxf6
Kxf6 28. Nd4 Rxc3 29. Kh1 Be5 30. Rfd1 Rc4 31. c3 Rxc3 32. Rab1 Bxd4 33. Rxd4
Bc6 0-1

6 0-1

[Event "Continental Femenino"]
[Site "?"]
[Date "2007.??.??"]
[Round "4"]
[White "Mateus, Martha"]
[Black "Vargas, Gabriela"]
[Result "0-1"]
[WhiteElo "2127"]
[BlackElo "2118"]
[PlyCount "200"]

1. e4 e6 2. d4 d5 3. e5 c5 4. c3 Nc6 5. Nf3 Qb6 6. a3 Bd7 7. b4 cxd4 8. cxd4
Rc8 9. Be2 a5 10. b5 Nxd4 11. Nxd4 Rxc1 12. Qxc1 Qxd4 13. Qc3 Bc5 14. O-O Qxc3
15. Nxc3 Bd4 16. Rac1 Bxe5 17. Na4 Nf6 18. Nc5 O-O 19. Nxb7 Bb2 20. Rc2 Bxa3
21. Nxa5 Bd6 22. Nb7 Be5 23. Nc5 Rb8 24. Rb1 Rb6 25. Nxd7 Nxd7 26. Rc8+ Nf8 27.
Rbc1 g6 28. Rd8 Bf6 29. Ra8 Kg7 30. Ra7 Be5 31. h4 h5 32. Kf1 Rb8 33. g3 Bd4
34. Rac7 Bb6 35. Rc8 Rb7 36. f4 Nd7 37. Ra1 Bd4 38. Rd1 Bb6 39. Ra1 Bd4 40. Rd1
Nb6 41. Rc6 Bf6 42. Rb1 Bd8 43. Kg2 Ra7 44. Rb3 Kf8 45. Kf3 Ra4 46. Kg2 Ke8 47.
f5 exf5 48. Bf3 Rd4 49. Ra3 Rd2+ 50. Kh3 Rb2 51. Rc5 Be7 52. Rc6 Bxa3 53. Rxb6
Bc5 54. Rb8+ Kd7 55. Bxd5 Bg1 56. Bg2 f4 57. Rb7+ Ke6 58. gxf4 Rb3+ 59. Bf3
Rxf3+ 60. Kg2 Rxf4 61. Kxg1 Rxh4 62. b6 Rb4 63. Rb8 Kd7 64. Rb7+ Kc6 65. Rxf7
Rxb6 66. Kg2 Kd6 67. Rf6+ Kc5 68. Rf8 Kd5 69. Kg3 Rb4 70. Kh3 Ke5 71. Kg3 Rb6
72. Kh4 Rf6 73. Re8+ Kf5 74. Ra8 Rd6 75. Rf8+ Ke6 76. Kg5 Ke7 77. Rf1 Re6 78.
Rf2 Kd6 79. Rd2+ Kc5 80. Rf2 Kd4 81. Rf1 Kd3 82. Rf4 Re4 83. Rf3+ Ke2 84. Rh3
Rg4+ 85. Kh6 Kf2 86. Ra3 Kg2 87. Ra2+ Kh1 88. Ra1+ Kh2 89. Ra2+ Rg2 90. Ra4 Kh3
91. Ra3+ Rg3 92. Ra1 h4 93. Ra4 g5 94. Kh5 Kh2 95. Ra2+ Rg2 96. Ra1 h3 97. Rb1
Rg1 98. Rb2+ Kh1 99. Ra2 h2 100. Rb2 Rc1 0-1

1 0-1

[Event "Continental Femenino"]
[Site "?"]
[Date "2007.??.??"]
[Round "4"]
[White "Airapetian, Chouchanik"]
[Black "Colautti, Marcela"]
[Result "1-0"]
[WhiteElo "2162"]
[BlackElo "1929"]
[PlyCount "175"]

1. e4 e6 2. d4 d5 3. Nc3 Nf6 4. Bg5 Be7 5. e5 Nfd7 6. Be3 a6 7. Qg4 g6 8. h4 h5
9. Qg3 c5 10. f4 cxd4 11. Bxd4 Nc6 12. Bf2 b5 13. Nf3 b4 14. Ne2 Bc5 15. Ned4
Nxd4 16. Nxd4 Qb6 17. O-O-O Bb7 18. Qg5 Be7 19. Qg3 Bc5 20. Be2 O-O-O 21. Kb1
Kb8 22. Rhf1 Rc8 23. Bg1 Rhg8 24. Nb3 Bxg1 25. Rxg1 a5 26. Qd3 Rc4 27. Qd2 Rc7
28. Qd4 Nc5 29. g4 hxg4 30. Rxg4 Rh8 31. Rdg1 Ka7 32. Nxc5 Qxc5 33. Qxc5+ Rxc5
34. Rd1 Ba6 35. Bf3 Rhc8 36. Rg2 Rc4 37. f5 gxf5 38. h5 Rf4 39. Rg3 Rh4 40. Rg7
Rh8 41. Rxf7+ Kb6 42. Rf6 Bc8 43. Bxd5 R4xh5 44. Bxe6 Bxe6 45. Rxe6+ Kc7 46.
Rf6 f4 47. e6 Re5 48. Rf7+ Kc6 49. e7 Re8 50. Rxf4 R8xe7 51. b3 Kb5 52. Kb2 Rc7
53. Rd2 Rec5 54. Rfd4 a4 55. bxa4+ Kxa4 56. a3 Rc4 57. axb4 Rxb4+ 58. Rxb4+
Kxb4 59. Rd4+ Rc4 60. Rd8 Rc6 61. Rb8+ Kc4 62. c3 Kd3 63. Rb7 Rc8 64. Rd7+ Kc4
65. Rd4+ Kc5 66. Rb4 Rd8 67. Kc2 Rd7 68. Rb8 Rc7 69. Kb3 Kc6 70. Kc4 Kd7+ 71.
Kb4 Kc6 72. c4 Ra7 73. Rc8+ Kb7 74. Rh8 Ra1 75. Kb5 Rc1 76. Rh7+ Kb8 77. c5 Rc2
78. Kb6 Rb2+ 79. Kc6 Rc2 80. Rb7+ Kc8 81. Ra7 Kb8 82. Rg7 Rc1 83. Rg8+ Ka7 84.
Rc8 Rc2 85. Rd8 Rc1 86. Kd6 Kb7 87. Rd7+ Kb8 88. c6 1-0

 88. c6 1-0

[Event "Continental Femenino"]
[Site "?"]
[Date "2007.??.??"]
[Round "5"]
[White "Sanchez Castillo, Saray"]
[Black "Marrero Lopez, Yaniet"]
[Result "1-0"]
[WhiteElo "2340"]
[BlackElo "2308"]
[PlyCount "86"]

1. e4 e5 2. d4 exd4 3. Qxd4 Nc6 4. Qe3 Nf6 5. Nc3 Bb4 6. Bd2 O-O 7. O-O-O Re8
8. Qg3 Nxe4 9. Nxe4 Rxe4 10. c3 Be7 11. f4 Ra4 12. Kb1 d6 13. Bd3 Bf6 14. Nf3
Be6 15. b3 Ra5 16. h4 Qd7 17. Ng5 Bf5 18. Ne4 Bxe4 19. Bxe4 Re8 20. Bc2 Ne7 21.
Qd3 Qf5 22. Qxf5 Rxf5 23. g4 Rc5 24. b4 Rxc3 25. Bxc3 Bxc3 26. a3 d5 27. Rh2 a5
28. Re2 Kf8 29. b5 h6 30. g5 c6 31. f5 Nc8 32. Rxe8+ Kxe8 33. bxc6 bxc6 34. Ba4
Ne7 35. Kc2 Be5 36. f6 gxf6 37. gxh6 Kf8 38. Rg1 c5 39. h5 c4 40. h7 f5 41. h6
Ng6 42. Re1 f6 43. Rg1 Kf7 1-0

7 1-0

[Event "Continental Femenino"]
[Site "?"]
[Date "2007.??.??"]
[Round "5.1"]
[White "Nejanky, Maisa"]
[Black "Cori Tello, Daisy"]
[Result "1/2-1/2"]
[WhiteElo "2068"]
[BlackElo "2144"]
[PlyCount "53"]

1. e4 e6 2. d4 d5 3. Nc3 Bb4 4. e5 Ne7 5. f4 c5 6. a3 Bxc3+ 7. bxc3 b6 8. Bb5+
Bd7 9. a4 Nbc6 10. Nf3 Rc8 11. Ba3 Na5 12. O-O Bxb5 13. axb5 cxd4 14. cxd4 Qc7
15. Rf2 Nf5 16. Bb4 Nc4 17. c3 Qd7 18. Rfa2 Rc7 19. Qd3 Ne7 20. g4 h5 21. h3
hxg4 22. hxg4 Ng6 23. Rh2 Rxh2 24. Nxh2 24... Qd8 {(=)} 25. Rf1 Qh4 26. f5 exf5
27. Rxf5 {(=)} 1/2-1/2

2-1/2

[Event "Continental Femenino"]
[Site "?"]
[Date "2007.??.??"]
[Round "5"]
[White "Palao, Maricela"]
[Black "Pina Vega"]
[Result "1/2-1/2"]
[WhiteElo "2139"]
[BlackElo "2294"]
[PlyCount "51"]

1. d4 Nf6 2. Nf3 d6 3. c4 Nbd7 4. Bf4 g6 5. h3 Bg7 6. e3 O-O 7. Be2 c6 8. O-O
Qe8 9. Nc3 e5 10. Bh2 Qe7 11. Qc2 Ne8 12. b4 f5 13. Rad1 e4 14. Nd2 Ndf6 15. d5
cxd5 16. Nxd5 Nxd5 17. cxd5 Bd7 18. Rfe1 Be5 19. Bxe5 Qxe5 20. Nc4 Qe7 21. Na5
Rb8 22. Qd2 Qe5 23. Rc1 g5 24. Qd1 Qg7 25. Qd4 Qxd4 26. exd4 1/2-1/2

2-1/2

[Event "Continental Femenino"]
[Site "?"]
[Date "2007.??.??"]
[Round "5"]
[White "Amed, Stephanie"]
[Black "Ramon Pita, Vivian"]
[Result "0-1"]
[WhiteElo "2082"]
[BlackElo "2279"]
[PlyCount "90"]

1. e4 e5 2. Nf3 Nc6 3. Bb5 a6 4. Ba4 Nf6 5. O-O Be7 6. Re1 b5 7. Bb3 d6 8. c3
O-O 9. d4 Bg4 10. Be3 exd4 11. cxd4 d5 12. e5 Ne4 13. Nc3 Bb4 14. Qc1 Nxc3 15.
bxc3 Be7 16. h3 Bf5 17. g4 Bg6 18. Bf4 Na5 19. Bg3 Nc4 20. Bxc4 bxc4 21. Qe3
Be4 22. Nd2 Bd3 23. a4 Rb8 24. e6 f6 25. h4 Re8 26. f4 f5 27. Nf3 Rb6 28. a5
Rc6 29. gxf5 Bxf5 30. Qe5 g6 31. Ng5 Bf6 32. Qe3 Qe7 33. Qf3 Rd6 34. Nf7 Be4
35. Qg4 Rxe6 36. f5 Bxf5 37. Nh6+ Kh8 38. Nxf5 gxf5 39. Qxf5 c6 40. Rxe6 Qxe6
41. Qxe6 Rxe6 42. Kf2 c5 43. Rd1 cxd4 44. cxd4 Re4 45. h5 Kg8 0-1

8 0-1

[Event "Continental Femenino"]
[Site "?"]
[Date "2007.??.??"]
[Round "5"]
[White "Carraro, Denise"]
[Black "Zuriel, Marisa"]
[Result "0-1"]
[WhiteElo "2048"]
[BlackElo "2184"]
[PlyCount "62"]

1. e4 c5 2. Nf3 d6 3. d4 cxd4 4. Nxd4 Nf6 5. Nc3 a6 6. Be3 e6 7. f3 b5 8. g4
Nfd7 9. Qd2 Nb6 10. O-O-O N8d7 11. Qf2 Bb7 12. Bd3 Rc8 13. Kb1 Be7 14. Nce2 Nc4
15. Bc1 O-O 16. f4 Re8 17. Ng3 Bf8 18. Nf3 Qb6 19. Qe2 g6 20. h4 Bg7 21. h5 Nf8
22. Rh3 a5 23. Rdh1 a4 24. hxg6 fxg6 25. Qh2 b4 26. Rxh7 Nxh7 27. Qxh7+ Kf8 28.
Bxc4 Rxc4 29. Qxg6 b3 30. Ng5 bxc2+ 31. Ka1 Qxb2+ 0-1

+ 0-1

[Event "Continental Femenino"]
[Site "?"]
[Date "2007.??.??"]
[Round "5"]
[White "Buttner, Natalia"]
[Black "Plazaola, Maria de los Ang"]
[Result "1-0"]
[WhiteElo "2064"]
[BlackElo "2061"]
[PlyCount "53"]

1. e4 c5 2. Nf3 a6 3. c4 Nc6 4. d4 cxd4 5. Nxd4 Qc7 6. Nc3 e6 7. Be3 Nf6 8. Rc1
Bb4 9. Bd3 Ne5 10. a3 Be7 11. f3 Bd6 12. Be2 Nc6 13. Ncb5 axb5 14. Nxb5 Bg3+
15. Kf1 Qe5 16. hxg3 Qxg3 17. Bc5 Qg5 18. Nc7+ Kd8 19. Bb6 Ke7 20. Nxa8 Nh5 21.
Bf2 f6 22. Rc3 Nf4 23. g3 Nxe2 24. Qxe2 b6 25. Nxb6 Ba6 26. Qe3 Qe5 27. Qc5+
1-0


1-0

-1/2

[Event "Continental Femenino"]
[Site "?"]
[Date "2007.??.??"]
[Round "5"]
[White "Ubaldo Suarez, Maria Gisel"]
[Black "Chang, Suzana"]
[Result "1-0"]
[WhiteElo "2077"]
[BlackElo "2091"]
[PlyCount "55"]

1. d4 Nf6 2. c4 e6 3. Nc3 Bb4 4. Qc2 c5 5. e3 Nc6 6. Nf3 d5 7. a3 Bxc3+ 8. bxc3
O-O 9. Bd3 b6 10. cxd5 exd5 11. O-O Qc7 12. dxc5 bxc5 13. c4 dxc4 14. Bxc4 Na5
15. Bd3 c4 16. Bb2 Qb6 17. Be2 Bf5 18. Qxf5 Qxb2 19. Qxa5 Qxe2 20. Rfe1 Qc2 21.
Rac1 Qe4 22. Nd2 Qh4 23. Nf3 Qe4 24. Red1 Rfc8 25. Rd4 Qe6 26. Nd2 c3 27. Rxc3
Qa2 28. Rxc8+ 1-0

+ 1-0

[Event "Continental Femenino"]
[Site "?"]
[Date "2007.??.??"]
[Round "5"]
[White "Vargas, Gabriela"]
[Black "Justo, Virginia"]
[Result "1/2-1/2"]
[WhiteElo "2118"]
[BlackElo "2148"]
[PlyCount "47"]

1. d4 Nf6 2. g3 g6 3. Bg2 Bg7 4. Nf3 O-O 5. O-O d5 6. b3 c5 7. e3 Nc6 8. Bb2
Bg4 9. Nbd2 cxd4 10. exd4 Ne4 11. h3 Bxf3 12. Nxf3 Rc8 13. c3 e6 14. Qd3 f5 15.
Nd2 Bh6 16. Nxe4 fxe4 17. Qe2 Ne7 18. Bc1 Bxc1 19. Raxc1 Qd6 20. f3 exf3 21.
Rxf3 Rxf3 22. Qxf3 Rf8 23. Qe2 Nf5 24. g4 1/2-1/2

2-1/2